000
00304nam a2200121Ia 4500
008
231107s2004 xx 000 0 und d
041
_a
eng
082
_a
696.1
100
_a
McConnell Charles
245
_a
The Home Plumbing Handbook
260
_a
New York
_b
Delmar Publishers Inc.
_c
2004
300
_a
173
999
_c
931080
_d
931080